<?xml version="1.0" encoding="UTF-8"?>
<collection xmlns="http://www.loc.gov/MARC21/slim">
 <record>
  <leader>02792nam a22003137a 4500</leader>
  <controlfield tag="001">NCT_52042</controlfield>
  <controlfield tag="008">180926b        xxu||||| |||| 00| 0 vie d</controlfield>
  <datafield tag="999" ind1=" " ind2=" ">
   <subfield code="c">2489</subfield>
   <subfield code="d">2489</subfield>
  </datafield>
  <datafield tag="020" ind1=" " ind2=" ">
   <subfield code="c">80000</subfield>
  </datafield>
  <datafield tag="082" ind1="0" ind2="4">
   <subfield code="2">23rd ed.</subfield>
   <subfield code="a">341.7754</subfield>
   <subfield code="b">Q523</subfield>
  </datafield>
  <datafield tag="100" ind1="1" ind2=" ">
   <subfield code="a">Mai Hồng Quỳ</subfield>
  </datafield>
  <datafield tag="245" ind1="1" ind2="0">
   <subfield code="a">Luật thương mại quốc tế</subfield>
   <subfield code="c">Mai Hồng Quỳ, Trần Việt Dũng</subfield>
  </datafield>
  <datafield tag="250" ind1=" " ind2=" ">
   <subfield code="a">Tái bản lần thứ 1</subfield>
  </datafield>
  <datafield tag="260" ind1=" " ind2=" ">
   <subfield code="a">H.</subfield>
   <subfield code="b">Đại học Quốc gia</subfield>
   <subfield code="c">2012</subfield>
  </datafield>
  <datafield tag="300" ind1=" " ind2=" ">
   <subfield code="a">500 tr.</subfield>
   <subfield code="c">21cm</subfield>
  </datafield>
  <datafield tag="520" ind1="3" ind2=" ">
   <subfield code="a">&quot;Cuốn Luật thương mại quốc tế được tác giả tiếp cận khái niệm Thương mại quốc tế và Luật thương mại quốc tế. Tác giả đi sâu phân tích những lĩnh vực mà các qui định của WTO, BTA (Hiệp định thương mại Việt Nam - Hoa Kỳ) tập trung điều chỉnh như thương mại hàng hoá, thương mại dịch vụ, các khía cạnh thương mại của sở hữu trí tuệ, các biện pháp khắc phục thương mại, đầu tư quốc tế, giải quyết tranh chấp trong thương mại quốc tế...&quot;</subfield>
  </datafield>
  <datafield tag="653" ind1=" " ind2=" ">
   <subfield code="a">Luật học</subfield>
  </datafield>
  <datafield tag="700" ind1="1" ind2=" ">
   <subfield code="a">Trần Việt Dũng</subfield>
  </datafield>
  <datafield tag="942" ind1=" " ind2=" ">
   <subfield code="2">ddc</subfield>
   <subfield code="c">BK</subfield>
  </datafield>
  <datafield tag="952" ind1=" " ind2=" ">
   <subfield code="0">0</subfield>
   <subfield code="1">0</subfield>
   <subfield code="2">ddc</subfield>
   <subfield code="4">0</subfield>
   <subfield code="6">341_775400000000000_Q523</subfield>
   <subfield code="7">0</subfield>
   <subfield code="9">14172</subfield>
   <subfield code="a">000001</subfield>
   <subfield code="b">000001</subfield>
   <subfield code="d">2018-09-26</subfield>
   <subfield code="o">341.7754 Q523</subfield>
   <subfield code="p">MD.02524</subfield>
   <subfield code="r">2018-11-29</subfield>
   <subfield code="v">80000.00</subfield>
   <subfield code="w">2018-09-26</subfield>
   <subfield code="y">BK</subfield>
  </datafield>
  <datafield tag="952" ind1=" " ind2=" ">
   <subfield code="0">0</subfield>
   <subfield code="1">0</subfield>
   <subfield code="2">ddc</subfield>
   <subfield code="4">0</subfield>
   <subfield code="6">341_775400000000000_Q523</subfield>
   <subfield code="7">0</subfield>
   <subfield code="9">14173</subfield>
   <subfield code="a">000001</subfield>
   <subfield code="b">000001</subfield>
   <subfield code="d">2018-09-26</subfield>
   <subfield code="o">341.7754 Q523</subfield>
   <subfield code="p">MD.02525</subfield>
   <subfield code="r">2018-09-26</subfield>
   <subfield code="v">80000.00</subfield>
   <subfield code="w">2018-09-26</subfield>
   <subfield code="y">BK</subfield>
  </datafield>
  <datafield tag="952" ind1=" " ind2=" ">
   <subfield code="0">0</subfield>
   <subfield code="1">0</subfield>
   <subfield code="2">ddc</subfield>
   <subfield code="4">0</subfield>
   <subfield code="6">341_775400000000000_Q523</subfield>
   <subfield code="7">0</subfield>
   <subfield code="9">14174</subfield>
   <subfield code="a">000001</subfield>
   <subfield code="b">000001</subfield>
   <subfield code="d">2018-09-26</subfield>
   <subfield code="o">341.7754 Q523</subfield>
   <subfield code="p">MD.02526</subfield>
   <subfield code="r">2018-09-26</subfield>
   <subfield code="v">80000.00</subfield>
   <subfield code="w">2018-09-26</subfield>
   <subfield code="y">BK</subfield>
  </datafield>
  <datafield tag="952" ind1=" " ind2=" ">
   <subfield code="0">0</subfield>
   <subfield code="1">0</subfield>
   <subfield code="2">ddc</subfield>
   <subfield code="4">0</subfield>
   <subfield code="6">341_775400000000000_Q523</subfield>
   <subfield code="7">0</subfield>
   <subfield code="9">14179</subfield>
   <subfield code="a">000001</subfield>
   <subfield code="b">000001</subfield>
   <subfield code="d">2018-09-26</subfield>
   <subfield code="o">341.7754 Q523</subfield>
   <subfield code="p">MD.02528</subfield>
   <subfield code="r">2018-09-26</subfield>
   <subfield code="v">80000.00</subfield>
   <subfield code="w">2018-09-26</subfield>
   <subfield code="y">BK</subfield>
  </datafield>
  <datafield tag="952" ind1=" " ind2=" ">
   <subfield code="0">0</subfield>
   <subfield code="1">0</subfield>
   <subfield code="2">ddc</subfield>
   <subfield code="4">0</subfield>
   <subfield code="6">341_775400000000000_Q523</subfield>
   <subfield code="7">0</subfield>
   <subfield code="9">14180</subfield>
   <subfield code="a">000001</subfield>
   <subfield code="b">000001</subfield>
   <subfield code="d">2018-09-26</subfield>
   <subfield code="o">341.7754 Q523</subfield>
   <subfield code="p">MD.02529</subfield>
   <subfield code="r">2018-09-26</subfield>
   <subfield code="v">80000.00</subfield>
   <subfield code="w">2018-09-26</subfield>
   <subfield code="y">BK</subfield>
  </datafield>
  <datafield tag="952" ind1=" " ind2=" ">
   <subfield code="0">0</subfield>
   <subfield code="1">0</subfield>
   <subfield code="2">ddc</subfield>
   <subfield code="4">0</subfield>
   <subfield code="6">341_775400000000000_Q523</subfield>
   <subfield code="7">0</subfield>
   <subfield code="9">14181</subfield>
   <subfield code="a">000001</subfield>
   <subfield code="b">000001</subfield>
   <subfield code="d">2018-09-26</subfield>
   <subfield code="l">1</subfield>
   <subfield code="o">341.7754 Q523</subfield>
   <subfield code="p">MD.02530</subfield>
   <subfield code="r">2018-10-19</subfield>
   <subfield code="s">2018-10-10</subfield>
   <subfield code="v">80000.00</subfield>
   <subfield code="w">2018-09-26</subfield>
   <subfield code="y">BK</subfield>
  </datafield>
  <datafield tag="952" ind1=" " ind2=" ">
   <subfield code="0">0</subfield>
   <subfield code="1">0</subfield>
   <subfield code="2">ddc</subfield>
   <subfield code="4">0</subfield>
   <subfield code="6">341_775400000000000_Q523</subfield>
   <subfield code="7">0</subfield>
   <subfield code="9">14182</subfield>
   <subfield code="a">000001</subfield>
   <subfield code="b">000001</subfield>
   <subfield code="d">2018-09-26</subfield>
   <subfield code="l">3</subfield>
   <subfield code="o">341.7754 Q523</subfield>
   <subfield code="p">MD.02531</subfield>
   <subfield code="r">2021-03-16</subfield>
   <subfield code="s">2021-03-10</subfield>
   <subfield code="v">80000.00</subfield>
   <subfield code="w">2018-09-26</subfield>
   <subfield code="y">BK</subfield>
  </datafield>
  <datafield tag="952" ind1=" " ind2=" ">
   <subfield code="0">0</subfield>
   <subfield code="1">0</subfield>
   <subfield code="2">ddc</subfield>
   <subfield code="4">0</subfield>
   <subfield code="6">341_775400000000000_Q523</subfield>
   <subfield code="7">0</subfield>
   <subfield code="9">14419</subfield>
   <subfield code="a">000001</subfield>
   <subfield code="b">000001</subfield>
   <subfield code="d">2018-10-05</subfield>
   <subfield code="l">2</subfield>
   <subfield code="o">341.7754 Q523</subfield>
   <subfield code="p">MD.02523</subfield>
   <subfield code="r">2019-03-27</subfield>
   <subfield code="s">2019-03-13</subfield>
   <subfield code="v">80000.00</subfield>
   <subfield code="w">2018-10-05</subfield>
   <subfield code="y">BK</subfield>
  </datafield>
  <datafield tag="952" ind1=" " ind2=" ">
   <subfield code="0">0</subfield>
   <subfield code="1">0</subfield>
   <subfield code="2">ddc</subfield>
   <subfield code="4">0</subfield>
   <subfield code="6">341_775400000000000_Q523</subfield>
   <subfield code="7">0</subfield>
   <subfield code="9">14462</subfield>
   <subfield code="a">000001</subfield>
   <subfield code="b">000001</subfield>
   <subfield code="d">2018-10-11</subfield>
   <subfield code="l">2</subfield>
   <subfield code="o">341.7754 Q523</subfield>
   <subfield code="p">MD.02527</subfield>
   <subfield code="r">2019-12-02</subfield>
   <subfield code="s">2019-11-21</subfield>
   <subfield code="v">80000.00</subfield>
   <subfield code="w">2018-10-11</subfield>
   <subfield code="y">BK</subfield>
  </datafield>
  <datafield tag="980" ind1=" " ind2=" ">
   <subfield code="a">Thư viện Trường Đại học Nam Cần Thơ</subfield>
  </datafield>
 </record>
</collection>
